Loading...
| Current Events | 3 | 13.33 | 100% | 33% | 33% |
| Fine Arts - Classical Music | 9 | 15.56 | 89% | 67% | 22% |
| Fine Arts - Other Fine Arts | 8 | 16.25 | 100% | 50% | 13% |
| Fine Arts - Painting & Sculpture | 4 | 15.00 | 100% | 50% | 0% |
| Geography | 4 | 15.00 | 100% | 25% | 25% |
| History - American History | 8 | 13.75 | 100% | 63% | 0% |
| History - European History | 8 | 12.50 | 88% | 25% | 13% |
| History - Other History | 10 | 18.00 | 100% | 70% | 10% |
| History - World History | 9 | 13.33 | 100% | 33% | 0% |
| Literature - American Literature | 10 | 18.00 | 100% | 70% | 10% |
| Literature - British Literature | 10 | 13.00 | 90% | 30% | 10% |
| Literature - European Literature | 6 | 11.67 | 100% | 33% | 17% |
| Literature - World Literature | 10 | 15.00 | 100% | 50% | 0% |
| Mythology | 6 | 18.33 | 83% | 83% | 17% |
| Other Academic | 4 | 15.00 | 100% | 50% | 0% |
| Philosophy | 10 | 17.00 | 100% | 60% | 10% |
| Religion | 9 | 15.56 | 78% | 67% | 11% |
| Science - Biology | 9 | 14.44 | 100% | 33% | 11% |
| Science - Chemistry | 9 | 15.56 | 89% | 67% | 0% |
| Science - Other Science | 8 | 20.00 | 100% | 63% | 38% |
| Science - Physics | 4 | 17.50 | 100% | 75% | 0% |
| Social Science | 2 | 15.00 | 100% | 50% | 0% |